[Event "XII Sabadell Open 2019"]
[Site "Sabadell"]
[Date "2019.09.04"]
[Round "3.3"]
[White "Lorenzo De La Riva, Lazaro"]
[Black "Diaz Camallonga, Carles"]
[Result "0-1"]
[WhiteElo "2392"]
[BlackElo "2440"]
[Annotator "TA"]
[PlyCount "88"]
[EventDate "2019.09.01"]
[EventCountry "ESP"]
[SourceTitle "playchess.com"]
[Source "ChessBase"]
[SourceQuality "1"]

{[%evp 14,100,18,16,19,8,14,12,32,21,31,15,28,20,45,47,37,15,20,20,14,6,30,-31,-28,-34,-37,-44,-38,-98,-83,-83,-89,-90,-76,-81,-91,-81,-94,-143,-104,-97,-59,-91,-90,-119,-115,-114,-113,-193,-238,-241,-219,-225,-226,-216,-185,-188,-190,-289,-291,-522,-514,-500,-479,-520,-487,-480,-467,-435,-387,-422,-377,-474,-430,-508,-527,-616,-596,-1172,-1176,-1170,-1139,-5647,-5247,-2043,-771,-1806,-1743]} 1. e4 e6 2. d4 d5 3. e5 c5 4. c3 Nc6 5. Nf3 Bd7 6. Be2 Nge7 7. O-O Ng6 8. g3 Be7 {C02: French: Advance Variation} 9. h4 cxd4 (9... O-O 10. h5 Nh8 11. h6 g6 12. c4 cxd4 13. cxd5 exd5 14. Na3 f6 15. exf6 Bxf6 16. Nb5 {0-1 (56) Grischuk,A (2750)-Carlsen,M (2832) chess.com INT 2017}) 10. cxd4 O-O {The position is equal.} 11. h5 Nh8 12. Nbd2 f6 13. Nb3 f5 $146 ({Predecessor:} 13... Nf7 14. exf6 Bxf6 15. Bf4 Be7 16. Rc1 {½-½ (63) Krivic,D (2528)-Loeschnauer,R (2466) ICCF email 2014}) 14. Be3 b6 15. Ne1 a5 16. Nd3 a4 17. Nd2 Nf7 18. f4 (18. Rc1 $11) 18... Na5 19. Nf2 Nh6 20. b3 Qe8 21. Nf3 (21. Rc1 $15) 21... axb3 22. axb3 Qxh5 23. Ng5 Qe8 24. Kg2 Nf7 25. Nf3 Bb5 26. Nd3 Rc8 27. Bd2 Nc6 28. Rh1 Ra8 29. Rc1 Ra2 30. Nf2 Na5 31. Rc7 (31. Re1 $17) 31... Bxe2 $19 {[%mdl 64] Overworked Piece} 32. Qxe2 Nxb3 33. Qd3 Nxd2 34. Nxd2 Bd8 35. Rc2 Ra7 36. g4 (36. Rb2 $142) 36... Nh8 37. Qh3 $2 (37. g5) 37... h6 {White must now prevent ...Ng6.} 38. g5 Ng6 39. Qg3 hxg5 40. fxg5 Qa4 41. Nb3 Qd7 42. Rc3 Qe7 43. Rh5 Rc7 {...Rxc3 is the strong threat.Black is clearly winning.} 44. Rd3 Qb4 {Played: Rc7-c2} 0-1

[Event "XII Sabadell Open 2019"]
[Site "Sabadell"]
[Date "2019.09.04"]
[Round "3.4"]
[White "Harikrishnan.A.Ra"]
[Black "Umetsubo, Cesar Hidemitsu"]
[Result "1/2-1/2"]
[WhiteElo "2422"]
[BlackElo "2403"]
[Annotator "TA"]
[PlyCount "78"]
[EventDate "2019.09.01"]
[EventCountry "ESP"]
[SourceTitle "playchess.com"]
[Source "ChessBase"]
[SourceQuality "1"]

{[%evp 24,78,-2,-10,0,0,0,-16,-9,-72,0,0,0,0,0,0,0,0,0,-47,-50,-97,-100,-69,-94,-132,-100,-104,-106,-154,-52,-66,0,0,0,0,0,0,0,0,0,0,0,-97,0,0,0,0,0,0,0,0,0,0,0,0,0]} 1. Nf3 Nf6 2. g3 d5 3. Bg2 c5 4. O-O Nc6 5. d3 e6 6. Nbd2 Be7 7. e4 O-O 8. Re1 b5 9. e5 Nd7 10. Nf1 a5 11. h4 b4 12. Bf4 Ba6 13. Ne3 a4 {C00: French: Unusual White 2nd moves} 14. a3 bxa3 15. bxa3 Nd4 {[#]} (15... Rb8 16. Bh3 Nd4 17. Nxd4 cxd4 18. Nxd5 exd5 19. e6 Nf6 20. exf7+ Rxf7 21. Bxb8 Qxb8 22. Be6 Bc8 {½-½ (55) Yu,Y (2737)-Jakovenko,D (2710) Moscow 2016}) 16. c3 $146 (16. c4 $11 {keeps the balance.}) ({Predecessor:} 16. c4 Nb3 17. cxd5 Nxa1 18. Qxa1 exd5 19. Nxd5 Nb6 20. Nxe7+ Qxe7 21. e6 {1-0 (56) Aleshnia,V (2590)-Ernazarov,N (2457) ICCF email 2006}) 16... Nxf3+ (16... Nb3 $17 17. Rb1 Nb6) 17. Bxf3 $11 Rb8 18. c4 d4 19. Ng4 Bb7 20. Bxb7 Rxb7 21. h5 Rb3 $36 {[%mdl 2048] Black has good play.} 22. Qd2 g5 23. hxg6 fxg6 24. Bh6 Rf3 25. Qe2 Rfxd3 26. Nf6+ Bxf6 (26... Kf7 $1 $17 27. Ne4 Qe8) 27. exf6 $15 e5 ({Better is} 27... Qxf6 $15 28. Qxe6+ Qxe6 29. Rxe6 Rf3) 28. Qe4 $1 $11 {[%cal Re4d5] Qd5+ would kill now.} Qxf6 {Strongly threatening ...Rxg3+!} 29. Qd5+ $1 Qf7 {Threatens to win with ...Qxd5.} 30. Rxe5 $1 {Intending Re8+ and mate.} Qxd5 31. Rxd5 Rb7 32. Re1 {Hoping for Re7!} Kf7 $1 ({Don't go for} 32... Rxa3 $2 33. Re7 $1 $18 {[%mdl 512]}) 33. Bg5 {[#]} (33. Kg2 $1 $11 {was the only way to keep the balance.}) 33... Nf8 ({Black should play} 33... h6 $1 $17 {[%cal Rh6g5]} 34. Bxh6 Rxa3) 34. Rde5 $1 {The position is equal.} Rxa3 35. Re7+ $1 Rxe7 36. Rxe7+ Kg8 37. Bf6 {White wants to mate with Rg7+.} h5 38. Rg7+ Kh8 {White must now prevent ...Nh7.} 39. Rf7+ Kg8 {Accuracy: White = 62%, Black = 53%.} 1/2-1/2

[Event "XII Sabadell Open 2019"]
[Site "Sabadell"]
[Date "2019.09.04"]
[Round "3.5"]
[White "Stella, Andrea"]
[Black "Quesada Vera, Liordis"]
[Result "1/2-1/2"]
[WhiteElo "2487"]
[BlackElo "2389"]
[Annotator "TA"]
[PlyCount "103"]
[EventDate "2019.09.01"]
[EventCountry "ESP"]
[SourceTitle "playchess.com"]
[Source "ChessBase"]
[SourceQuality "1"]

{[%evp 15,103,34,25,23,29,2,7,0,0,0,0,0,0,-4,0,-7,9,12,6,7,28,21,24,29,28,10,15,13,0,-32,-39,-41,-27,-35,-29,-35,-45,-41,-46,-33,-35,-54,-37,-44,-36,-52,-45,-60,-56,-61,-66,-60,-60,-63,-66,-66,-41,-51,-20,-24,0,-24,0,0,0,0,0,0,0,0,0,0,0,0,0,0,0,0,0,0,0,0,0,0,-1,0,-1,-8,0,-8]} 1. d4 Nf6 2. c4 d6 3. Nc3 Nbd7 4. Nf3 e5 5. Bg5 Be7 6. e3 O-O 7. Qc2 c6 8. Bd3 h6 9. Bh4 {A54: Old Indian Defence with Nf3, but without e4} Nh5 (9... exd4 10. exd4 d5 11. O-O dxc4 12. Bxc4 Nb6 13. Bb3 Nfd5 14. Bxe7 Nxe7 15. Rfe1 {½-½ (24) Vaisser,A (2533)-Istratescu,A (2623) Mulhouse 2011}) 10. Bg3 a6 11. O-O Nxg3 12. hxg3 Qc7 $146 ({Predecessor:} 12... Bf6 13. Rfd1 Re8 14. Bf5 Qe7 15. Ne4 exd4 16. Nxf6+ Nxf6 17. Rxd4 Bxf5 18. Qxf5 {½-½ (99) Dogan,A (2176)-Demirag,B (1905) Antalya 2017}) 13. b4 Re8 14. Rab1 Nf6 15. a4 Bd8 16. b5 axb5 17. axb5 Qe7 18. bxc6 bxc6 {With the idea ...e4.} 19. dxe5 dxe5 {White must now prevent ...e4.} 20. Ne4 Ng4 {Hoping for ...f5.} 21. c5 {And now Nd6 would win.} Bc7 22. Nd6 Bxd6 23. cxd6 Qxd6 24. Be4 Ra6 25. Rfc1 {[%cal Re4c6]} Be6 26. Qc5 Qxc5 27. Rxc5 Ra2 28. Rf1 {[#]} Bd5 $1 {[%mdl 512]} 29. Bxd5 cxd5 30. Rxd5 e4 31. Rd2 Rea8 32. Rxa2 Rxa2 $15 {[%mdl 4096] Endgame KRN-KRN} 33. Nh2 Ne5 34. Rd1 Nd3 35. f3 Re2 36. Kf1 Rc2 37. fxe4 Nf2 38. Rd8+ Kh7 39. e5 {The position is equal.} Ne4 40. g4 Rf2+ 41. Kg1 {aiming for Rd4.} Re2 42. Nf3 Rxe3 43. Rf8 Kg6 44. Nh4+ {[#]} Kg5 $1 {[%mdl 512]} 45. Nf3+ Kg6 46. Nh4+ {[#]} Kg5 $1 {[%mdl 512]} 47. Nf3+ Kg6 48. Nh4+ Kg5 49. Nf3+ Kxg4 50. Rxf7 g6 51. Kh2 g5 52. e6 {Accuracy: White = 68%, Black = 69%.} 1/2-1/2

[Event "XII Sabadell Open 2019"]
[Site "Sabadell"]
[Date "2019.09.04"]
[Round "3.6"]
[White "Arenas, David"]
[Black "Lever, Erwan"]
[Result "1/2-1/2"]
[WhiteElo "2454"]
[BlackElo "2221"]
[Annotator "TA"]
[PlyCount "123"]
[EventDate "2019.09.01"]
[EventCountry "ESP"]
[SourceTitle "playchess.com"]
[Source "ChessBase"]
[SourceQuality "1"]

{[%evp 9,123,12,13,-2,-2,-7,0,0,0,0,13,20,16,-2,92,43,43,39,73,57,52,56,122,35,50,48,50,50,50,48,51,51,67,58,67,66,238,11,16,0,0,0,0,0,5,5,38,13,18,8,43,16,16,11,18,0,53,45,50,46,43,46,42,52,50,47,41,46,64,22,34,26,23,0,8,0,0,0,140,155,152,119,120,16,24,43,77,0,74,0,3,0,77,0,0,0,0,0,0,0,0,0,0,0,0,-260,1726,1659,29999,-253,0,-373,-275,-691,29999,29997]} 1. d4 Nf6 2. c4 g6 3. Nc3 d5 4. cxd5 Nxd5 5. e3 Bg7 6. Nxd5 {D85: Exchange Grünfeld: Unusual White 7th moves and lines with 7 Nf3} Qxd5 7. Ne2 O-O 8. Nc3 {The position is equal.} Qd8 (8... Qa5 9. Bd2 c6 10. Bc4 {½-½ (10) Zubov,A (2598)-Sutovsky,E (2628) Israel 2019}) 9. Be2 e5 {[%cal Re5d4]} 10. d5 c6 11. e4 f5 (11... cxd5 $11 12. exd5 (12. Qxd5 Qb6 $11) 12... f5) 12. O-O Kh8 13. Be3 $146 ({Predecessor:} 13. Qb3 f4 {0-1 (46) Goedel,R (2024)-Andreadakis,G (1787) Germany 2017}) 13... fxe4 14. Bc5 Re8 15. Nxe4 {aiming for Nd6.} Qxd5 (15... cxd5 $14 16. Nd6 Be6) 16. Bf3 (16. Nd6 $1 $16 {[%cal Rd6e8]} Rf8 17. Ba3) 16... Nd7 17. Nd6 $36 {[%mdl 2048] White has the initiative.} Qxd1 18. Raxd1 Rf8 {[#]} 19. Nxb7 $1 {[%mdl 512]} Nxc5 (19... Bxb7 20. Rxd7) 20. Nxc5 Bf5 21. b3 ({Worse is} 21. Bxc6 Rac8 $17) 21... Rac8 22. h3 Bxh3 $2 (22... Rfd8 $14) 23. gxh3 $2 (23. Be2 $1 $18) 23... Rxf3 $11 24. Kg2 Rf7 25. Ne4 {Hoping for Nd6.} Bf8 26. Rd3 h6 27. Rc1 Kg8 28. Rc4 {[%mdl 1024] White has compensation.} Rfc7 29. Rdc3 Ba3 30. b4 Bb2 31. Rc2 Bd4 32. Nd6 Rf8 {[#]} (32... Rb8 $1 $11) 33. Nb5 $1 $14 {[%mdl 512]} Rd7 (33... cxb5 34. Rxc7) 34. Rxc6 Bb6 35. Nd6 Rf4 36. Nc4 Bd4 37. Rxg6+ Kh7 38. Rg4 Rf6 {Threatening ...Rc7.} 39. Re4 Rc7 40. Ree2 Rg7+ 41. Kf1 Rfg6 {[%csl Gg7][%cal Rg6g1]} 42. Re4 Rg1+ 43. Ke2 R7g2 (43... Rf7 $11 {remains equal.} 44. Ne3 Rb1) 44. Ne3 $16 Rh2 45. Rg4 Rb1 46. Kf3 ({White should play} 46. Rh4 $1 $16 h5 47. Rxh5+ Kg6 48. Rh4 Bxe3 49. Kxe3) 46... Rxh3+ $11 47. Kg2 {Rc7+ is the strong threat.} Rhh1 48. Rc7+ Kh8 49. Rc8+ (49. Nd5 $1 $16 {White wants to mate with Rc8+.} Rbg1+ 50. Kf3 Rxg4 51. Kxg4 Rg1+ 52. Kf5) 49... Kh7 50. Rc7+ (50. Nd5 $11 Rbg1+ 51. Kf3 Rh3+ 52. Rg3 Rhxg3+ 53. fxg3) 50... Kh8 $16 {[#]} 51. Kf3 (51. Nd5 $1 $16 {Rc8+ would kill now.} Rbg1+ 52. Kf3 Rxg4 53. Kxg4 Rg1+ 54. Kf5) 51... Rh3+ $11 52. Ke4 Bxe3 53. Rc8+ Kh7 54. Rc7+ Kh8 55. Rc8+ Kh7 56. Rc7+ Kh8 57. Kf5 $2 {[%mdl 8192]} (57. Rc8+ $11 Kh7) 57... Rh5+ $4 {[%mdl 8192] [#]} (57... Bxf2 58. Kg6 Rc3 59. Rxc3 Rc1 60. Rxc1 Bb6 61. Rc8+ Bd8 62. Rxd8#) (57... Rc1 $19 58. Rxc1 Bxc1) 58. Kg6 $1 $18 {[%cal Rc7c8][%mdl 512]} Rh3 59. Kf5 $4 {[%mdl 8192] [#]} (59. Rc8# {mates}) 59... Bg5 $2 ({And not} 59... Bxf2 60. Kg6 Rc1 61. Rxc1 Rc3 62. Rxc3 Bc5 63. Rxc5 Kg8 64. Rc8#) (59... Rc1 $1 $19 {[%cal Rc1c7]} 60. Re7 Bg5 61. Rxa7 Rf3+ 62. Kxe5 Rxf2) 60. Kg6 $2 {[%mdl 8192]} (60. Rxg5 $11 Rxb4 61. Rgg7) 60... Rd3 61. Rxg5 $2 (61. Rh7+ Kg8 62. Rxa7) 61... Rh3 $4 {[%mdl 8192]} (61... Rd6+ $19 62. Kf5 hxg5 63. Rxa7 Rxb4 64. Kxe5 Rdd4) 62. Rg4 {[%mdl 32768] Accuracy: White = 36%, Black = 41%. . An unexpected result.} 1/2-1/2

[Event "XII Sabadell Open 2019"]
[Site "Sabadell"]
[Date "2019.09.04"]
[Round "3.7"]
[White "Valderrama Quiceno, Esteban Alb"]
[Black "Avila Pavas, Santiago"]
[Result "1/2-1/2"]
[WhiteElo "2407"]
[BlackElo "2412"]
[Annotator "TA"]
[PlyCount "127"]
[EventDate "2019.09.01"]
[EventCountry "ESP"]
[SourceTitle "playchess.com"]
[Source "ChessBase"]
[SourceQuality "1"]

{[%evp 31,127,8,50,0,0,-2,33,-86,-89,-79,-80,-116,-40,-36,-60,-81,-82,-103,-103,-114,-86,-83,-83,-116,-116,-169,-91,-92,-92,-94,-92,-94,-90,-87,-86,-112,-104,-120,-120,-120,-120,-120,-120,-120,-120,-120,-120,-120,-120,-120,-120,-120,-114,-113,-113,-113,-93,-95,-93,-93,-80,-80,-80,-93,-93,-93,-80,-80,-80,-93,-79,-80,-80,-80,-79,-79,-79,-79,-79,-79,-79,-80,-80,-80,-80,-80,-33,-80,-80,-80,-80,-80,0,-80,-80,-80,-80,-80]} 1. e4 Nf6 2. e5 Nd5 3. d4 d6 4. Nf3 g6 5. Bc4 Nb6 6. Bb3 Bg7 7. Ng5 e6 8. f4 dxe5 9. fxe5 O-O 10. O-O c5 11. c3 cxd4 12. cxd4 Nc6 13. Nf3 f6 14. exf6 Qxf6 15. Be3 Nd5 16. Bf2 Nf4 17. Nbd2 {B04: Alekhine's Defence: 4 Nf3} b6 (17... Qf5 18. Kh1 Qg4 19. Bg3 Bd7 20. Nc4 Rad8 21. Ne3 Qh5 22. Bxf4 Rxf4 23. d5 Be8 24. Qe1 Ne7 {1-0 (52) Rublevsky,S (2692)-Zvjaginsev,V (2672) Cheliabinsk 2016}) 18. Ne4 $146 ({Predecessor:} 18. Rc1 Bb7 19. Ne4 Qd8 20. Re1 h6 21. Qd2 Qd7 22. Be3 Nh3+ 23. Kh1 Na5 24. Bc2 Nc4 {0-1 (56) Comp Chiptest-Alburt,L (2525) Cambridge 1989}) 18... Qf5 19. Nd6 (19. Re1 $14 {stays ahead.}) 19... Qg4 $17 {[%csl Gf4][%cal Rg4g2]} 20. Bg3 Ba6 $40 {[%mdl 128] Black attacks with force.} 21. Re1 {[#] aiming for Re4.} Rad8 (21... Nxd4 $1 $17 {[%mdl 512]} 22. Bxf4 (22. Nxd4 $2 Bxd4+ 23. Kh1 Ne2 $19) 22... Qxf4) 22. Bxf4 Qxf4 {[%mdl 64] Double Attack} 23. Rxe6 Kh8 {[%cal Rc6d4]} 24. Nf7+ Rxf7 25. Rxc6 Bxd4+ 26. Kh1 Bb7 27. Bxf7 Bxc6 28. Qb3 (28. Qe2 $17) 28... Bxf3 ({Black should try} 28... Be5 $19 {( -> ...Bxf3)} 29. Nxe5 Bxg2+ 30. Kg1 Qxe5) 29. Qxf3 Qxf3 30. gxf3 $19 {[%mdl 4096] Endgame KRB-KRB} Kg7 31. Bb3 Bxb2 32. Re1 Ba3 33. Re6 Rd2 34. Rc6 Bd6 35. Rc2 Rxc2 36. Bxc2 $17 {KB-KB} b5 37. Kg2 g5 38. h3 h6 39. Kf2 Kf6 40. Ke3 Ke5 41. Be4 Bc5+ 42. Ke2 Kd4 43. Bc6 Kc4 44. Kd2 Bb6 45. Bd7 Bg1 46. Kc2 Be3 47. Bc6 Bf4 48. Bd7 a6 {[%cal Ba7a6,Ba6a5][%mdl 32]} 49. Bc8 a5 50. Bd7 Be3 51. Be8 Bb6 52. Bd7 Kd4 53. Bxb5 Ke3 54. Bc6 Kf4 55. Kd3 {[#]} Kg3 $1 56. Bd7 Kxf3 57. Bg4+ Kf4 58. a4 Ba7 59. Ke2 Kg3 60. Kf1 Kh2 61. Be6 Kg3 62. Bg4 $1 Bd4 63. Be6 h5 64. Bf7 {Accuracy: White = 53%, Black = 64%.} 1/2-1/2

[Event "XII Sabadell Open 2019"]
[Site "Sabadell"]
[Date "2019.09.04"]
[Round "3.10"]
[White "Esplugas Esteve, Vicenc"]
[Black "Rivera, Ingris"]
[Result "1/2-1/2"]
[WhiteElo "2372"]
[BlackElo "2236"]
[Annotator "ChessBase"]
[PlyCount "109"]
[EventDate "2019.09.01"]
[EventCountry "ESP"]
[SourceTitle "playchess.com"]
[Source "ChessBase"]
[SourceQuality "1"]
[TimeControl "5400+30"]

1. d4 {[%emt 0:00:00]} Nf6 {[%emt 0:02:34]} 2. c4 {[%emt 0:00:00]} g6 {[%emt 0:00:16]} 3. Nc3 {[%emt 0:00:00]} Bg7 {[%emt 0:00:10]} 4. e4 {[%emt 0:00:00]} d6 {[%emt 0:00:08]} 5. Nf3 {[%emt 0:00:00]} O-O {[%emt 0:00:15]} 6. Be2 {[%emt 0:00:00]} Bg4 {[%emt 0:00:13]} 7. Be3 {[%emt 0:00:07]} Nfd7 {[%emt 0:00:20]} 8. h4 {[%emt 0:00:07]} e5 {[%emt 0:00:40]} 9. d5 {[%emt 0:01:51]} a5 {[%emt 0:01:46]} 10. a3 {[%emt 0:12:40]} Na6 {[%emt 0:01:04]} 11. Rb1 {[%emt 0:01:12]} Qe7 {[%emt 0:10:03]} 12. Ng5 {[%emt 0:13:24]} Bxe2 {[%emt 0:00:57]} 13. Qxe2 {[%emt 0:00:19]} h6 {[%emt 0:02:22]} 14. Nf3 {[%emt 0:01:18]} f5 {[%emt 0:00:39]} 15. h5 {[%emt 0:00:44]} g5 {[%emt 0:01:28]} 16. exf5 {[%emt 0:01:31]} Rxf5 {[%emt 0:00:50]} 17. Ne4 {[%emt 0:01:09]} Nac5 {[%emt 0:03:54]} 18. Nfd2 {[%emt 0:03:35]} b6 {[%emt 0:05:31]} 19. O-O {[%emt 0:03:14]} Raf8 {[%emt 0:05:04]} 20. b4 {[%emt 0:06:52]} axb4 {[%emt 0:01:24]} 21. axb4 {[%emt 0:00:00]} Nxe4 {[%emt 0:00:37]} 22. Nxe4 {[%emt 0:00:00]} Qf7 {[%emt 0:04:41]} 23. Ra1 {[%emt 0:06:16]} Rf4 {[%emt 0:00:39]} 24. Bxf4 {[%emt 0:04:22]} exf4 {[%emt 0:00:15]} 25. Ra7 {[%emt 0:15:57]} Ne5 {[%emt 0:02:31]} 26. f3 {[%emt 0:03:35]} Qxh5 {[%emt 0:01:58]} 27. Nf2 {[%emt 0:05:11]} g4 {[%emt 0:07:36]} 28. fxg4 {[%emt 0:00:00]} Qh4 {[%emt 0:00:56]} 29. Rxc7 {[%emt 0:00:07]} f3 {[%emt 0:00:27]} 30. Qb2 {[%emt 0:08:50]} Nf7 {[%emt 0:04:36]} 31. Qc2 {[%emt 0:00:00]} Qg3 {[%emt 0:00:22]} 32. Nh3 {[%emt 0:00:55]} Ne5 {[%emt 0:06:56]} 33. Qf2 {[%emt 0:03:18]} Qxg4 {[%emt 0:01:28]} 34. Kh2 {[%emt 0:02:36]} Qe4 {[%emt 0:13:10]} 35. Kg1 {[%emt 0:05:58]} Ng4 {[%emt 0:03:02]} 36. gxf3 {[%emt 0:00:42]} Nxf2 {[%emt 0:03:02]} 37. fxe4 {[%emt 0:00:04]} Nxh3+ {[%emt 0:00:09]} 38. Kg2 {[%emt 0:00:04]} Nf4+ {[%emt 0:06:16]} 39. Kh1 {[%emt 0:00:07]} Be5 {[%emt 0:01:07]} 40. Rb7 {[%emt 0:02:17]} Rc8 {[%emt 0:01:10]} 41. Rxb6 {[%emt 0:00:55]} Ne2 {[%emt 0:03:22]} 42. Re1 {[%emt 0:00:49]} Ng3+ {[%emt 0:00:24]} 43. Kg2 {[%emt 0:00:05]} Rxc4 {[%emt 0:00:08]} 44. Rb7 {[%emt 0:00:33]} Nxe4 {[%emt 0:00:43]} 45. b5 {[%emt 0:03:35]} Nc3 {[%emt 0:03:33]} 46. Ra1 {[%emt 0:00:00]} Na4 {[%emt 0:02:31]} 47. Rh1 {[%emt 0:00:00]} Bg7 {[%emt 0:00:46]} 48. Kf3 {[%emt 0:00:00]} Rc3+ {[%emt 0:00:29]} 49. Kg4 {[%emt 0:00:00]} Nc5 {[%emt 0:00:19]} 50. Rc7 {[%emt 0:00:00]} Rd3 {[%emt 0:00:35]} 51. b6 {[%emt 0:00:31]} Rxd5 {[%emt 0:00:24]} 52. b7 {[%emt 0:00:16]} Nxb7 {[%emt 0:00:09]} 53. Rxb7 {[%emt 0:00:07]} Rg5+ {[%emt 0:00:12]} 54. Kf3 {[%emt 0:00:17]} Kh7 {[%emt 0:00:39]} 55. Rd1 {[%emt 0:00:15]} 1/2-1/2

[Event "XII Sabadell Open 2019"]
[Site "Sabadell"]
[Date "2019.09.04"]
[Round "3.11"]
[White "Vicient Calvo, Ramon"]
[Black "Garcia Ramos, Daniel"]
[Result "0-1"]
[WhiteElo "2155"]
[BlackElo "2348"]
[Annotator "TA"]
[PlyCount "86"]
[EventDate "2019.09.01"]
[EventCountry "ESP"]
[SourceTitle "playchess.com"]
[Source "ChessBase"]
[SourceQuality "1"]

{[%evp 10,85,22,6,17,25,25,27,89,89,85,85,85,85,83,83,87,72,77,59,71,-32,-7,-25,60,0,14,0,21,4,19,9,63,0,6,-20,8,-57,-47,-62,-54,-39,-79,-252,-255,-237,-237,-272,-254,-262,-97,-99,-88,-103,-70,-102,-77,-86,-87,-138,-144,-141,-101,-105,-95,-94,-97,-83,-63,-78,-77,-119,-119,-375,-359,-724,-708,-29999]} 1. d4 Nf6 2. Bg5 e6 3. e4 h6 4. Bxf6 Qxf6 5. c3 d6 6. Bd3 e5 {A45: Trompowsky Attack} (6... g6 7. Ne2 Bg7 8. O-O O-O 9. f4 Qe7 10. e5 b6 11. Nd2 Bb7 12. Be4 Bxe4 13. Nxe4 Rd8 14. Qe1 {0-1 (62) Moiseenko,A (2667)-Wang,Y (2690) Riadh 2017}) 7. Ne2 Nc6 8. O-O g5 (8... g6 $11 {keeps the balance.}) 9. Bb5 $16 a6 10. Qa4 Bd7 11. d5 Nb8 12. Bxd7+ Nxd7 13. c4 $146 ({Predecessor:} 13. Ng3 h5 14. Nf5 {1-0 (57) Korobkov,P (2516)-Jumabayev,R (2442) Zvenigorod 2008}) 13... h5 14. Nbc3 g4 15. f4 (15. Ng3 $16) 15... exf4 $15 16. Rxf4 Qg6 ({Better is} 16... Qg5 $11) 17. b4 Bh6 18. Rf5 O-O-O 19. Raf1 Be3+ 20. Kh1 Rh7 (20... h4 $11) 21. Nf4 (21. b5 $14 a5 22. Qxa5) 21... Qg7 $11 22. Qc2 h4 23. Nh5 ({White should play} 23. Nd1 $11 Bd4 24. Nd3) 23... Qd4 $15 24. Ne2 Qd2 $1 {[%cal Rd2c2]} 25. Qxd2 Bxd2 26. Nf6 $2 (26. c5 $17) 26... Nxf6 $19 27. Rxf6 Re8 ({And not} 27... Bxb4 28. Rxf7 Rxf7 29. Rxf7 $11) 28. Rd1 Bxb4 29. Rf4 {[#]} g3 $2 (29... f5 $1 $19 {[%mdl 512] is more deadly.} 30. Rdf1 (30. exf5 Rxe2) 30... Rhe7) 30. Nd4 $17 Bc3 31. Nf3 gxh2 32. Kxh2 Rg8 33. Rc1 Bb4 34. Rf1 {[#]} (34. Rc2 $142) 34... Bc5 $1 35. Ne1 Rgg7 36. R1f3 Bb4 37. Nd3 Bd2 $36 {[%mdl 2048] Black is on the roll.} 38. Rf5 Bc3 39. Kh3 Rg8 40. R5f4 Rhg7 {Strongly threatening ...Rg3+.} 41. Rxh4 $2 {[%mdl 8192]} (41. Nf2 $17 Rg3+ 42. Rxg3 Rxg3+ 43. Kxh4 Rxg2 44. Kh3) 41... Rxg2 $19 42. Nf2 $2 (42. e5 dxe5 43. Nf2) 42... Be5 {[%csl Ge5][%cal Rg2h2]} 43. Rff4 R8g3# {Accuracy: White = 35%, Black = 54%.} 0-1

[Event "XII Sabadell Open 2019"]
[Site "Sabadell"]
[Date "2019.09.04"]
[Round "3.12"]
[White "Vergara Jofre, Felipe"]
[Black "Rodriguez Velasco, German Enrique"]
[Result "0-1"]
[WhiteElo "2343"]
[BlackElo "2148"]
[Annotator "TA"]
[PlyCount "124"]
[EventDate "2019.09.01"]
[EventCountry "ESP"]
[SourceTitle "playchess.com"]
[Source "ChessBase"]
[SourceQuality "1"]

{[%evp 27,124,36,59,35,39,35,36,37,55,41,47,50,61,53,70,-49,-22,-23,-25,0,-13,-17,-14,-32,-33,-33,-41,-54,-45,-50,-46,-39,-41,-42,-34,-36,-10,-18,-8,-38,-15,-49,-54,-58,-30,-53,-44,-47,-39,-97,-87,-146,-148,-133,-129,-185,-199,-185,-182,-297,-308,-278,-249,-641,-636,-312,-109,-97,-35,-272,-243,-434,-8,-10,-11,-243,-244,-345,-56,-56,-8,-228,-240,-170,-175,-249,-249,-237,-75,-458,-368,-365,-343,-1648,-1589,-7243,-6966,-6125,-6044]} 1. e4 c5 2. Nf3 e6 3. d4 cxd4 4. Nxd4 a6 5. c4 Nf6 6. Nc3 d6 7. Be2 Nbd7 8. O-O b6 9. Be3 Bb7 10. f3 Be7 11. Qd2 O-O 12. Rac1 Rc8 13. b4 Qc7 14. a3 Rfe8 15. Rc2 {A31: Symmetrical English: 2 Nf3 Nf6 3 d4} Qb8 16. Kh1 Bd8 17. Na4 {White is slightly better.} Bc7 (17... Ne5 18. Bg1 h5 19. Bf2 Ng6 20. c5 b5 21. Nb6 Bxb6 22. cxb6 d5 23. Rxc8 Rxc8 {½-½ (47) Sasikiran,K (2642)-Fier,A (2632) Montpellier 2015}) 18. Bg1 Ba8 19. Rb1 h6 $146 ({Predecessor:} 19... Rcd8 20. Nb2 Kh8 21. Nd3 Ne5 22. Qc1 Nfd7 {½-½ (59) Buksa,N (2314)-Javakhishvili,L (2456) Riga 2017}) 20. b5 Nc5 21. e5 (21. Nc3 $1 $14) 21... Nfd7 (21... dxe5 {feels hotter.} 22. Nxc5 bxc5 23. Nb3 Red8 24. Qc3 Bd6) 22. exd6 Bxd6 23. Nxc5 Nxc5 24. bxa6 Nxa6 25. Rcb2 Bc5 26. Nc2 Red8 27. Qc3 Qf4 28. Bxc5 Nxc5 29. Qe3 $1 {[%cal Re3f4]} Qxe3 30. Nxe3 Na4 31. Rc2 Rc5 32. Kg1 Kf8 33. Kf2 Ke7 34. Nf1 Rd6 35. Nd2 Rc7 36. Ke3 Ra7 37. Rb4 Nc5 38. Rc3 (38. Ra2 $15) 38... f5 39. g3 ({Better is} 39. Nb1) 39... e5 $36 {[%mdl 2048] Black is in control.} 40. Nb1 g5 41. Rc2 (41. Kf2 $17) 41... f4+ $1 $19 42. Kf2 e4 43. gxf4 (43. fxe4 $142 fxg3+ 44. hxg3) 43... exf3 (43... gxf4 44. fxe4 Bxe4 45. Rcb2 $17) 44. Bf1 g4 45. Rcb2 $2 (45. Nc3 Ra6 46. Kg3) 45... Rd1 46. Nc3 Rxf1+ $2 (46... Rc1 $19 {and Black stays clearly on top.} 47. Nd5+ Bxd5 48. cxd5 Rxa3) 47. Kxf1 $17 Rxa3 (47... Nd3 $17 48. Nb5 Ra5) 48. Nb1 $2 (48. Nd5+ $1 $15 Kf7 49. Rb1 (49. Rxb6 Ne4 $17) (49. Nxb6 $2 Be4 $19)) 48... Re3 $19 {( -> ...Nd3!)} 49. Kf2 Re4 $2 (49... Re6 $19 50. Ra2 Nd3+ {[%mdl 64] Double Attack} 51. Kg3 Nxb4 52. Ra7+ Kf6 53. Rxa8 Re2) 50. Rd2 $11 Rxf4 {aiming for ...Ne4+.} 51. Rxb6 $2 (51. Ra2 $11 {and White is okay.}) 51... Ne4+ $19 {[%mdl 64] Double Attack} ({And not} 51... Rxc4 52. Ra2 $11) 52. Ke3 {[#]} (52. Kf1 {was the only defense.} Nxd2+ {[%mdl 64] Discovered Attack} 53. Nxd2) 52... Nxd2 $2 ({Black should try} 52... f2 $1 $19 {[%mdl 512]} 53. Rxf2 Rxf2) 53. Nxd2 {[%mdl 4096] Endgame KRB-KRN} Rf6 54. c5 $2 {[#]} (54. Rxf6 $11 Kxf6 55. Kf4) 54... Bc6 $1 55. Kf2 Re6 {White must now prevent ...Re2+.} 56. Nf1 (56. Kg3 $142) 56... h5 57. Ng3 {[#] If only White now had time for Nf5+....} Kd7 $2 (57... Kf7 $1 $19 {And now ...h4 would win.} 58. Nf1 Kg6) 58. Rb2 $2 {[%mdl 8192]} (58. Nxh5 $17 {nothing else works.} Kc7 59. Ng3) 58... Re5 59. Rd2+ Kc7 60. Rd6 $2 (60. h3 gxh3 61. Rd4 Rxc5 62. Nf1) 60... h4 {Black is clearly winning.} 61. Rg6 hxg3+ 62. Kxg3 Re2 {Accuracy: White = 26%, Black = 45%.} 0-1